000 00212nam a22000857a 4500
008 160712b xxu||||| |||| 00| 0 eng d
100 _92679
_a Koile, E
245 _aYour Secret Self
260 _aTexas
_b Word Book
_c1978
999 _c2329
_d2329